000 00309nam a22001337a 4500
008 180424b xxu||||| |||| 00| 0 eng d
020 _a9781589239340
041 _aeng
080 _a7
100 _a44
101 _aART
245 _aDesigning Clothes with the Flat Pattern Method
_cAlm,S
942 _2udc
_cBK
999 _c45481
_d45481